00698nam a22002057a 450000500170000000800410001702000230005804000190008104100120010008200160011210000490012824500860017726000320026330000220029550000440031750400500036165000480041170000230045985000100048220221210101117.0010101b xxu||||| |||| 00| 0 eng d a9780141181257c399 aLoreto College aEnglish a821.91bYEA aYeats, W.B.d1865-1939qWilliam Butler Yeats aSelected poemscW.B. Yeats. Edited with an Introduction and notes by Timothy Webb aLondonbPenguin Booksc1991 axliii,322pb23 cm areprinted with additional material 2000 aIncludes bibliographical references and index aPoetryxLiterature in Englishy20th Century 4ed.aWebb, Timothy aLCLIB